The interpersonal communication book /

Guardado en:
Detalles Bibliográficos
Autor principal: Devito, Joseph A.
Formato: Libro
Lenguaje:inglés
Publicado: New York : Harper & Row, 1989.
Edición:5th ed.
Materias:
Etiquetas: Agregar Etiqueta
Sin Etiquetas, Sea el primero en etiquetar este registro!

MARC

LEADER 00000cam a22000002a 4500
001 0000009404
003 DAYSTAR
005 20171002014559.0
008 030703s1989 nyu 001 0 eng d
040 |a Daystar 
050 0 0 |a BF637  |b .C45  |b D49 
100 1 |a Devito, Joseph A. 
245 1 4 |a The interpersonal communication book /  |c Joseph A. Devito. 
250 |a 5th ed. 
260 |a New York :  |b Harper & Row,  |c 1989. 
300 |a 523 p. 
650 0 |a Interpersonal Communication. 
908 |a 060412 
942 |c BK 
999 |c 2794  |d 2794